|
|
|
|
| LEADER |
01157nam a22002897a 4500 |
| 001 |
42582 |
| 003 |
BD-DhAAL |
| 008 |
240514t2005 nyua 0 0 a0eng d |
| 040 |
|
|
|a BD-DhAAL
|c BD-DhAAL
|
| 082 |
|
|
|a 051
|2 23
|
| 245 |
|
|
|a Time,
|n Jul-Dec 2005.
|
| 246 |
|
|
|i Popularly known as:
|a Time magazine
|
| 264 |
|
|
|a New York :
|b Time Inc.
|c 2005.
|
| 300 |
|
|
|a v. :
|b color illustrations ;
|c 27 cm.
|
| 362 |
|
|
|a Vol 166, no. 1-25
|
| 500 |
|
|
|a This book contains volume 166, no. 1-25.
|
| 541 |
|
|
|a International Book Agency
|e 42582
|
| 650 |
|
|
|a World politics
|y 20th century
|v Periodicals.
|9 56372
|
| 650 |
|
|
|a World politics
|y 21st century
|v Periodicals.
|9 56373
|
| 650 |
|
|
|a American newspapers.
|9 56374
|
| 650 |
|
|
|a American periodicals.
|9 56375
|
| 700 |
|
|
|a Hadden, Briton,
|d 1898-1929,
|e editor.
|9 56376
|
| 700 |
|
|
|a Luce, Henry R.,
|d 1898-1967,
|e editor.
|9 56377
|
| 852 |
|
|
|a Ayesha Abed Library
|c Reference Section
|
| 942 |
|
|
|2 ddc
|c BK
|
| 999 |
|
|
|c 46628
|d 46628
|
| 952 |
|
|
|0 0
|1 0
|2 ddc
|4 0
|6 051_000000000000000_TIM
|7 1
|9 75465
|a BRACUL
|b BRACUL
|c REF
|d 2024-05-14
|e International Book Agency
|l 0
|o 051 TIM
|p 3010042582
|r 2024-05-14
|t 1
|w 2024-05-14
|y BK
|x International Book Agency
|